000 00421nam a2200169Ia 4500
008 230524s9999 xx 000 0 und d
082 _a401.11
_bALL
100 _aRobert Allen
_916781
245 4 _aThe Chambers Dictionary
250 _a1ST
260 _aNEW DELHI
_bAllied Chambers
_c2005
300 _aXXXI;984
500 _aQuantity Number: 1
650 _aEnglish
700 _a Catherine Schwarz
942 _cBK
999 _c25234
_d25234